[Event "Carnaval"]
[Site "Quebec CAN"]
[Date "2014.01.26"]
[Round "4"]
[White "Chabot, Roland"]
[Black "Sambuev, Bator"]
[Result "0-1"]
[WhiteElo "2173"]
[BlackElo "2590"]
[PlyCount "60"]
[EventDate "2014.01.24"]
[EventType "swiss"]
[EventRounds "5"]
[EventCountry "CAN"]
[TimeControl "900+10"]

1. d4 d5 2. c4 e6 3. Nc3 c5 4. cxd5 exd5 5. Nf3 Nc6 6. g3 Nf6 7. Bg2 Be7 8. O-O
O-O 9. b3 b6 10. Bb2 Ba6 11. Rc1 Rc8 12. dxc5 d4 13. Nb1 bxc5 14. Bh3 Rc7 15.
Bf5 Qd5 16. Bd3 Bb7 17. Bc4 Qh5 18. Nbd2 Ng4 19. Re1 Bg5 20. h4 Bh6 21. Ra1
Nce5 22. Nf1 Nxc4 23. bxc4 f5 24. Bc1 f4 25. Rb1 Be4 26. Rb5 d3 27. Bxf4 Rcf7
28. exd3 Ba8 29. Ne5 Rxf4 30. gxf4 Qxh4 0-1

[Event "Carnaval U1500"]
[Site "Quebec CAN"]
[Date "2014.01.24"]
[Round "1"]
[White "Turcotte, Roger"]
[Black "Savaria, Georges-Patrick"]
[Result "0-1"]
[WhiteElo "1257"]
[BlackElo "1356"]
[PlyCount "42"]
[EventDate "2014.01.24"]
[EventType "swiss"]
[EventRounds "5"]
[EventCountry "CAN"]

1. d4 Nf6 2. c4 e6 3. Nc3 d5 4. e3 g6 5. Nf3 Nc6 6. a3 Bg7 7. Bd3 O-O 8. O-O
Re8 9. Re1 e5 10. dxe5 Nxe5 11. Nxe5 Rxe5 12. b3 c6 13. Bb2 Rh5 14. f3 d4 15.
Ne4 Nxe4 16. Bxe4 Qh4 17. h3 Qg3 18. Qe2 Rxh3 19. exd4 Rh2 20. Qf2 Rh1+ 21.
Kxh1 Qxf2 0-1

[Event "Carnaval U1500"]
[Site "Quebec CAN"]
[Date "2014.01.25"]
[Round "2"]
[White "Savaria, Georges-Patrick"]
[Black "Soskic, Milan"]
[Result "1-0"]
[WhiteElo "1376"]
[BlackElo "1310"]
[PlyCount "97"]
[EventDate "2014.01.24"]
[EventType "swiss"]
[EventRounds "5"]
[EventCountry "CAN"]

1. e4 c5 2. Nf3 d6 3. Bb5+ Nc6 4. Bxc6+ bxc6 5. b3 Nf6 6. d3 e6 7. O-O e5 8. h3
Be7 9. Qe2 O-O 10. Nbd2 Nh5 11. Nc4 Nf4 12. Bxf4 exf4 13. Rfd1 f5 14. e5 d5 15.
Nd6 Ba6 16. c4 Bxd6 17. exd6 Qxd6 18. Qe5 Qxe5 19. Nxe5 Rf6 20. Nd7 Rg6 21. f3
Re8 22. Kf2 d4 23. Nxc5 Bc8 24. Re1 Re3 25. Rad1 h5 26. b4 h4 27. Nb3 Rd6 28.
a4 g5 29. b5 cxb5 30. axb5 g4 31. Rd2 gxf3 32. gxf3 Bb7 33. c5 Rxf3+ 34. Ke2
Re3+ 35. Kd1 Bf3+ 36. Kc2 Rd8 37. Rf1 Rd5 38. Rdf2 Bh5 39. Rd2 f3 40. Rdf2 Kf7
41. Kd2 f4 42. Ra1 Re2+ 43. Rxe2 fxe2 44. Rxa7+ Kf6 45. Ke1 f3 46. Nd2 f2+ 47.
Kxf2 Rf5+ 48. Ke1 Rxc5 49. Ne4+ 1-0

[Event "Carnaval U1500"]
[Site "Quebec CAN"]
[Date "2014.01.25"]
[Round "3"]
[White "Gervais, Marcel"]
[Black "Foucreault, Denis"]
[Result "0-1"]
[WhiteElo "1287"]
[BlackElo "1315"]
[PlyCount "70"]
[EventDate "2014.01.24"]
[EventType "swiss"]
[EventRounds "5"]
[EventCountry "CAN"]

1. c4 e5 2. Nc3 Nc6 3. g3 Bc5 4. Bg2 Nge7 5. Nf3 O-O 6. O-O d6 7. d3 Bg4 8. Bg5
Rb8 9. a3 a6 10. Nd5 f6 11. Be3 Nd4 12. Nxd4 exd4 13. Bd2 c6 14. Nf4 Qd7 15. h3
g5 16. hxg4 gxf4 17. Bxf4 Qxg4 18. b4 Ba7 19. Bxd6 Rbe8 20. Bf3 Qg6 21. Kg2 Nf5
22. Bxf8 Rxf8 23. Be4 Rf7 24. Rh1 Bb8 25. Bxf5 Qxf5 26. Rh3 Qg5 27. Qc1 Qg6 28.
f4 Re7 29. Qd2 Qg4 30. Re1 Re3 31. Kh2 Bxf4 32. Qxe3 Bxe3 33. Rh4 Qf5 34. Kh1
Qf2 35. Rg1 Qxg1# 0-1

[Event "Carnaval U1500"]
[Site "Quebec CAN"]
[Date "2014.01.26"]
[Round "4"]
[White "Savaria, Georges-Patrick"]
[Black "D'Almeida, Dominique"]
[Result "1-0"]
[WhiteElo "1376"]
[BlackElo "1383"]
[PlyCount "137"]
[EventDate "2014.01.24"]
[EventType "swiss"]
[EventRounds "5"]
[EventCountry "CAN"]

1. e4 c5 2. Nf3 d6 3. Bb5+ Bd7 4. Bxd7+ Qxd7 5. Nc3 e6 6. O-O Be7 7. d4 cxd4 8.
Nxd4 Nc6 9. f4 O-O-O 10. Be3 Nxd4 11. Bxd4 f6 12. Bxa7 Qc6 13. Bf2 d5 14. Qd4
dxe4 15. Qxe4 Qxe4 16. Nxe4 f5 17. Nc3 Rd2 18. Rac1 g5 19. Be3 Rd8 20. fxg5 Bb4
21. Nb5 Rd5 22. c4 Rd3 23. Bd4 Rxd4 24. Nxd4 Bc5 25. Rcd1 e5 26. Rxf5 Bxd4+ 27.
Kf1 Ne7 28. Rf7 Nc6 29. b3 Nb4 30. Rd2 h5 31. h4 Nc6 32. Ke2 Nd8 33. Rf5 Kd7
34. Kd3 Kc6 35. b4 b5 36. Rf6+ Kd7 37. cxb5 Ne6 38. Ke4 Ke7 39. a4 Rc8 40. Kf5
Ng7+ 41. Kg6 Ne6 42. Kxh5 Rc4 43. Ra2 e4 44. Rf1 Bc3 45. a5 e3 46. a6 Nf4+ 47.
Kh6 e2 48. Rxe2+ Nxe2 49. g6 Rg4 50. h5 Bd2+ 51. Kh7 Rh4 52. g4 Nf4 53. Rxf4
Bxf4 54. a7 Rxg4 55. a8=Q Bc7 56. Qd5 Rf4 57. Qg5+ Ke8 58. Qxf4 Bxf4 59. g7 Bd6
60. g8=Q+ Kd7 61. Qd5 Kc7 62. Qc6+ Kb8 63. Qxd6+ Ka8 64. Qc6+ Ka7 65. Kg6 Kb8
66. h6 Ka7 67. h7 Kb8 68. h8=R+ Ka7 69. Qa6# 1-0

[Event "Carnaval U1800"]
[Site "Quebec CAN"]
[Date "2014.01.24"]
[Round "1"]
[White "Bourassa, Louis"]
[Black "Dube, Daniel"]
[Result "1-0"]
[WhiteElo "1457"]
[BlackElo "1736"]
[PlyCount "79"]
[EventDate "2014.01.24"]
[EventType "swiss"]
[EventRounds "5"]
[EventCountry "CAN"]

1. e4 e6 2. d4 d5 3. e5 c5 4. c3 Nc6 5. Nf3 Qb6 6. a3 c4 7. Be2 Na5 8. Nbd2 Bd7
9. O-O Ne7 10. Qe1 Ba4 11. Bd1 Qc6 12. Qe3 Bxd1 13. Rxd1 Nf5 14. Qf4 h6 15. h3
g5 16. Qh2 Rg8 17. g4 Ne7 18. Nf1 Nb3 19. Rb1 Nxc1 20. Rdxc1 Ng6 21. Ng3 Nf4
22. Rc2 Be7 23. Ne2 Qa4 24. Rd2 Nxe2+ 25. Rxe2 Qb3 26. Ree1 O-O-O 27. Nd2 Qc2
28. f3 Rh8 29. Nf1 Qxh2+ 30. Kxh2 h5 31. Ne3 Rh6 32. Kg3 f6 33. b3 fxe5 34.
bxc4 exd4 35. cxd4 dxc4 36. Nxc4 Rxd4 37. Rec1 h4+ 38. Kg2 Kb8 39. Na5 e5 40.
Rxb7+ 1-0

[Event "Carnaval U1800"]
[Site "Quebec CAN"]
[Date "2014.01.24"]
[Round "1"]
[White "Grenier, Jean-Luc"]
[Black "Oliver, Vance"]
[Result "1/2-1/2"]
[WhiteElo "1740"]
[BlackElo "1495"]
[PlyCount "78"]
[EventDate "2014.01.24"]
[EventType "swiss"]
[EventRounds "5"]
[EventCountry "CAN"]

1. e4 d6 2. d4 Nf6 3. Nc3 g6 4. Bd3 Bg7 5. Nge2 Nc6 6. f4 e5 7. O-O exd4 8. Nb5
Ng4 9. Rf3 a6 10. h3 h5 11. Nxc7+ Qxc7 12. hxg4 h4 13. g5 Bg4 14. Rf1 h3 15. g3
h2+ 16. Kh1 Ne7 17. Qe1 Nf5 18. Qf2 Qc5 19. Bd2 Ne3 20. Rfe1 Bh3 21. Bxe3 dxe3
22. Qf3 Bxb2 23. Rab1 Qa3 24. Qxe3 Qxa2 25. Nd4 Bc3 26. Bb5+ axb5 27. Qxc3 Kd7
28. Rxb5 Qa6 29. Reb1 Ra7 30. Rb6 Qxb6 31. Rxb6 Bg2+ 32. Kxg2 h1=Q+ 33. Kf2
Rh2+ 34. Ke3 Qc1+ 35. Kf3 Qd1+ 36. Ke3 Qg1+ 37. Kf3 Qg2+ 38. Kg4 Qh3+ 39. Kf3
Qg2+ 1/2-1/2

[Event "Carnaval U1800"]
[Site "Quebec CAN"]
[Date "2014.01.25"]
[Round "2"]
[White "Doyon, Stephane"]
[Black "Bourassa, Louis"]
[Result "0-1"]
[WhiteElo "1762"]
[BlackElo "1457"]
[PlyCount "72"]
[EventDate "2014.01.24"]
[EventType "swiss"]
[EventRounds "5"]
[EventCountry "CAN"]

1. e4 d5 2. exd5 Qxd5 3. Nc3 Qd6 4. d4 Nf6 5. Nf3 a6 6. g3 b5 7. Bg2 Bb7 8. O-O
Nbd7 9. Bf4 Qb6 10. Re1 e6 11. d5 O-O-O 12. Ng5 Bc5 13. Qe2 e5 14. Be3 Rhf8 15.
Ne6 fxe6 16. dxe6 Qxe6 17. Rad1 Bxg2 18. Kxg2 Qc6+ 19. Kg1 Bxe3 20. fxe3 Nc5
21. b4 Nce4 22. Nxe4 Qxe4 23. a4 Rxd1 24. Rxd1 Qxb4 25. axb5 Qxb5 26. Qf3 e4
27. Qf2 Rd8 28. Ra1 a5 29. Qe1 Qb4 30. c3 Qc5 31. c4 Rd3 32. Rxa5 Qxe3+ 33.
Qxe3 Rxe3 34. Rg5 g6 35. Kf2 Rf3+ 36. Ke2 Rf5 0-1

[Event "Carnaval U1800"]
[Site "Quebec CAN"]
[Date "2014.01.25"]
[Round "3"]
[White "Bourassa, Louis"]
[Black "Mathieu, Guillaume"]
[Result "0-1"]
[WhiteElo "1457"]
[BlackElo "1794"]
[PlyCount "40"]
[EventDate "2014.01.24"]
[EventType "swiss"]
[EventRounds "5"]
[EventCountry "CAN"]

1. e4 d6 2. d4 g6 3. Be3 Nf6 4. Nc3 Bg7 5. h3 c5 6. dxc5 Qa5 7. Qd2 dxc5 8. Bd3
O-O 9. Bh6 Bxh6 10. Qxh6 c4 11. Bxc4 Nxe4 12. Nge2 Nxf2 13. Rf1 Ne4 14. Rxf7
Rxf7 15. Bxf7+ Kxf7 16. Qxh7+ Ke6 17. Qxg6+ Kd7 18. O-O-O+ Nd6 19. Ne4 Qe5 20.
Qg4+ Kc7 0-1

[Event "Carnaval U1800"]
[Site "Quebec CAN"]
[Date "2014.01.26"]
[Round "4"]
[White "Grenier, Jean-Luc"]
[Black "Foucreault, Laurent"]
[Result "1/2-1/2"]
[WhiteElo "1740"]
[BlackElo "1513"]
[PlyCount "55"]
[EventDate "2014.01.24"]
[EventType "swiss"]
[EventRounds "5"]
[EventCountry "CAN"]

1. e4 e5 2. Nf3 Nc6 3. Bb5 a6 4. Ba4 Nf6 5. O-O Nxe4 6. Re1 Nc5 7. Nxe5 Nxe5 8.
Rxe5+ Be7 9. Bb3 Nxb3 10. axb3 O-O 11. d4 Bf6 12. Re1 b6 13. c4 d6 14. Nc3 Bb7
15. Qg4 Qc8 16. Qf4 h6 17. d5 Bg5 18. Qf3 Bxc1 19. Raxc1 c6 20. Re7 Rb8 21.
Rce1 cxd5 22. Nxd5 Bxd5 23. Qxd5 Qc5 24. Qf3 Rbd8 25. h3 d5 26. R1e5 a5 27.
cxd5 Rd6 28. Qe4 1/2-1/2

[Event "Carnaval U1800"]
[Site "Quebec CAN"]
[Date "2014.01.26"]
[Round "5"]
[White "Belanger, Mathieu-Olivier"]
[Black "Grenier, Jean-Luc"]
[Result "0-1"]
[WhiteElo "1676"]
[BlackElo "1740"]
[PlyCount "52"]
[EventDate "2014.01.24"]
[EventType "swiss"]
[EventRounds "5"]
[EventCountry "CAN"]

1. e4 c5 2. Nf3 d6 3. d4 cxd4 4. Nxd4 Nf6 5. Nc3 a6 6. Bg5 e6 7. e5 dxe5 8. Nf3
Nbd7 9. Bxf6 Qxf6 10. Ne4 Qe7 11. Qd2 f5 12. Nc3 g6 13. Bc4 b5 14. Bb3 Bg7 15.
Ng5 Nc5 16. Qe3 Bb7 17. Nf3 f4 18. Qe2 e4 19. Nd2 Bxc3 20. bxc3 Qf6 21. O-O
Qxc3 22. f3 Qd4+ 23. Kh1 e3 24. Rad1 exd2 25. Bxe6 Qe3 26. Qxe3 fxe3 0-1

[Event "Charlesbourg CC-ch"]
[Site "Charlesbourg CAN"]
[Date "2014.04.28"]
[Round "1"]
[White "Beaudoin, Stephane"]
[Black "Glode, Martin"]
[Result "1-0"]
[WhiteElo "2151"]
[BlackElo "1888"]
[PlyCount "53"]
[EventDate "2014.04.14"]
[EventType "tourn"]
[EventRounds "5"]
[EventCountry "CAN"]

1. e4 d6 2. d4 Nf6 3. Nc3 e5 4. Nf3 Nbd7 5. Bc4 Be7 6. Bxf7+ Kxf7 7. Ng5+ Kg8
8. Ne6 Qe8 9. Nxc7 Qg6 10. O-O Rb8 11. f4 Qh5 12. Qd3 exd4 13. N3d5 Bd8 14. f5
Nxd5 15. Nxd5 Nf6 16. Qxd4 Nxd5 17. Qxd5+ Qf7 18. Qxd6 Bc7 19. Qd3 Bd7 20. Bg5
h6 21. Bh4 Re8 22. Bf2 Bc6 23. Rae1 Kh7 24. Bd4 Rd8 25. c3 Rhe8 26. Qc2 Be5 27.
Bxa7 1-0

[Event "Charlesbourg CC-ch"]
[Site "Charlesbourg CAN"]
[Date "2014.04.28"]
[Round "1"]
[White "Lessard, Claude"]
[Black "Tremblay, Rejean"]
[Result "1/2-1/2"]
[WhiteElo "2004"]
[BlackElo "2198"]
[PlyCount "61"]
[EventDate "2014.04.14"]
[EventType "tourn"]
[EventRounds "5"]
[EventCountry "CAN"]

1. d4 e6 2. c4 Nf6 3. Nf3 d5 4. Nc3 c6 5. e3 Nbd7 6. cxd5 exd5 7. Bd3 Bd6 8.
O-O O-O 9. Qc2 Re8 10. e4 dxe4 11. Nxe4 Nxe4 12. Bxe4 h6 13. Bd2 Nf6 14. Bf5
Bxf5 15. Qxf5 Qc8 16. Qd3 Qe6 17. b3 Qd5 18. Rad1 Re6 19. Rfe1 Ne4 20. Bc3 a5
21. Bb2 a4 22. Ne5 axb3 23. axb3 Nf6 24. Nc4 Bc7 25. Rxe6 Qxe6 26. Qf3 Ra2 27.
Bc3 Nd5 28. Re1 Nxc3 29. Qxc3 Qf5 30. Qe3 b5 31. Ne5 1/2-1/2

[Event "Charlesbourg CC-ch"]
[Site "Charlesbourg CAN"]
[Date "2014.05.05"]
[Round "2"]
[White "Beaudoin, Stephane"]
[Black "Lessard, Claude"]
[Result "1/2-1/2"]
[WhiteElo "2156"]
[BlackElo "2014"]
[PlyCount "61"]
[EventDate "2014.04.14"]
[EventType "tourn"]
[EventRounds "5"]
[EventCountry "CAN"]

1. e4 c6 2. d4 d5 3. e5 c5 4. Nf3 Bg4 5. c3 cxd4 6. Qa4+ Bd7 7. Qxd4 e6 8. Bd3
Nc6 9. Qg4 g6 10. O-O Qc7 11. Re1 Bg7 12. Qg3 Nge7 13. Na3 a6 14. Nc2 O-O 15.
Bf4 Na5 16. Ne3 Nc4 17. Ng4 Nf5 18. Bxf5 exf5 19. Nf6+ Bxf6 20. exf6 Qb6 21. b3
Na3 22. Bc7 Qxf6 23. Be5 f4 24. Bxf4 Nc2 25. Be5 Qf5 26. Nd4 Nxd4 27. Bxd4 Rfe8
28. Qc7 Bc6 29. Re3 Rac8 30. Qg3 Rxe3 31. fxe3 1/2-1/2

[Event "Charlesbourg CC-ch"]
[Site "Charlesbourg CAN"]
[Date "2014.05.05"]
[Round "2"]
[White "Glode, Martin"]
[Black "Laflamme, Simon"]
[Result "0-1"]
[WhiteElo "1888"]
[BlackElo "1955"]
[PlyCount "44"]
[EventDate "2014.04.14"]
[EventType "tourn"]
[EventRounds "5"]
[EventCountry "CAN"]

1. e4 c6 2. d4 d5 3. exd5 cxd5 4. Bd3 Nc6 5. c3 Qc7 6. Ne2 Bg4 7. f3 Bd7 8. Bf4
e5 9. dxe5 Nxe5 10. Bc2 Nf6 11. Bb3 Bd6 12. Bg5 O-O-O 13. Qc2 Bb5 14. O-O Bd3
15. Qd2 Rhe8 16. Re1 Bxe2 17. Rxe2 Nc4 18. Bxc4 Bxh2+ 19. Kh1 dxc4 20. Qc2 Rxe2
21. Qxe2 Re8 22. Qf1 Nh5 0-1

[Event "Charlesbourg CC-ch"]
[Site "Charlesbourg CAN"]
[Date "2014.05.05"]
[Round "2"]
[White "Tremblay, Rejean"]
[Black "Tremblay-Alix, Eric"]
[Result "1-0"]
[WhiteElo "2198"]
[BlackElo "1934"]
[PlyCount "113"]
[EventDate "2014.04.14"]
[EventType "tourn"]
[EventRounds "5"]
[EventCountry "CAN"]

1. d4 f5 2. g3 Nf6 3. Bg2 d5 4. Nf3 c5 5. e3 Nc6 6. O-O cxd4 7. exd4 g6 8. c4
Bg7 9. cxd5 Nxd5 10. Nc3 Nxc3 11. bxc3 Be6 12. Qe2 Bd5 13. Bg5 O-O 14. Rac1 Qd7
15. Rfe1 Rfe8 16. c4 Bxf3 17. Qxf3 Bxd4 18. Qd5+ Qxd5 19. cxd5 Nb4 20. Red1 Be5
21. a3 Na2 22. Rc2 Nc3 23. Re1 Ne4 24. Bxe4 fxe4 25. Rxe4 Bd6 26. a4 Rad8 27.
Be3 b6 28. Rc6 Rc8 29. Rec4 Rxc6 30. Rxc6 Rd8 31. Kg2 Bb4 32. Rc4 Bd6 33. Kf3
Rf8+ 34. Ke4 Re8 35. Rc6 Kf7 36. Bf4 Bc5 37. f3 Ra8 38. h4 Rd8 39. h5 Rd7 40.
hxg6+ hxg6 41. Be5 Bb4 42. g4 Be1 43. g5 Bd2 44. f4 Bb4 45. f5 gxf5+ 46. Kxf5
Rd8 47. g6+ Kg8 48. Ke6 Ba3 49. Rc7 a6 50. Rc6 Bc5 51. a5 Bd6 52. Rxb6 Bxe5 53.
Kxe5 Ra8 54. Rb7 Kg7 55. Rxe7+ Kxg6 56. d6 Rb8 57. d7 1-0

[Event "Charlesbourg CC-ch"]
[Site "Charlesbourg CAN"]
[Date "2014.05.12"]
[Round "3"]
[White "Laflamme, Simon"]
[Black "Tremblay, Rejean"]
[Result "0-1"]
[WhiteElo "1955"]
[BlackElo "2198"]
[PlyCount "72"]
[EventDate "2014.04.14"]
[EventType "tourn"]
[EventRounds "5"]
[EventCountry "CAN"]

1. e4 c5 2. d4 cxd4 3. c3 dxc3 4. Nxc3 Nc6 5. Nf3 d6 6. Bc4 e6 7. O-O Nf6 8.
Qe2 a6 9. Rd1 Qc7 10. Be3 Be7 11. Rac1 O-O 12. Bb3 Qa5 13. Na4 Nd7 14. Nd4 Nxd4
15. Bxd4 b5 16. Nc3 b4 17. Na4 e5 18. Be3 Bb7 19. Bd5 Bxd5 20. Rxd5 Qxa4 21. b3
Qa3 22. Rc2 Rac8 23. Qd1 Nc5 24. Qg4 Ne6 25. Bc1 Qxc1+ 26. Rxc1 Rxc1+ 27. Rd1
Rfc8 28. g3 Rxd1+ 29. Qxd1 Nd4 30. Qg4 Rc7 31. Kg2 a5 32. h4 Bf8 33. Qd1 Rc2
34. Qb1 h5 35. Kf1 g6 36. Kg2 Bh6 0-1

[Event "Charlesbourg CC-ch"]
[Site "Charlesbourg CAN"]
[Date "2014.05.12"]
[Round "3"]
[White "Lessard, Claude"]
[Black "Glode, Martin"]
[Result "0-1"]
[WhiteElo "2014"]
[BlackElo "1888"]
[PlyCount "100"]
[EventDate "2014.04.14"]
[EventType "tourn"]
[EventRounds "5"]
[EventCountry "CAN"]

1. d4 d5 2. Nf3 Nf6 3. c4 c5 4. cxd5 cxd4 5. Qxd4 Qxd5 6. Nc3 Qxd4 7. Nxd4 a6
8. g3 Bd7 9. Bg2 e5 10. Nc2 Bc6 11. O-O Be7 12. e4 O-O 13. Ne3 Nbd7 14. Ned5
Bd8 15. Nb4 Rc8 16. Nxc6 Rxc6 17. Rd1 Nc5 18. Be3 Ne6 19. h3 Bb6 20. Nd5 Bd8
21. Rd2 Rc4 22. b3 Rc8 23. Rad1 Re8 24. f3 Nd4 25. Bxd4 exd4 26. Rxd4 Nxd5 27.
Rxd5 Bb6+ 28. Kf1 Rc2 29. R1d2 Rxd2 30. Rxd2 Rd8 31. Rc2 Kf8 32. f4 Rd3 33. g4
Ba5 34. e5 b6 35. Ke2 Rc3 36. Rb2 Bb4 37. h4 Rc1 38. h5 Bc3 39. Rd2 Bxd2 40.
Kxd2 Ra1 41. Bd5 Rxa2+ 42. Ke3 Ke7 43. f5 h6 44. Ke4 Re2+ 45. Kf4 Rc2 46. Ke4
a5 47. Bc4 Rg2 48. Kf4 Rc2 49. Ke4 a4 50. Kd3 Rg2 0-1

[Event "Charlesbourg CC-ch"]
[Site "Charlesbourg CAN"]
[Date "2014.05.12"]
[Round "3"]
[White "Tremblay-Alix, Eric"]
[Black "Beaudoin, Stephane"]
[Result "0-1"]
[WhiteElo "1934"]
[BlackElo "2151"]
[PlyCount "78"]
[EventDate "2014.04.14"]
[EventType "tourn"]
[EventRounds "5"]
[EventCountry "CAN"]

1. c4 Nf6 2. Nf3 g6 3. e3 Bg7 4. Nc3 O-O 5. d4 d5 6. b3 c5 7. Bb2 a6 8. Be2
dxc4 9. bxc4 cxd4 10. Nxd4 Nbd7 11. Qc2 Nc5 12. Rd1 Bd7 13. O-O Rc8 14. Nb3 Qc7
15. Nd5 Nxd5 16. Rxd5 Nxb3 17. axb3 Bc6 18. Rd2 Qa5 19. f4 Be4 20. Bd3 Bxb2 21.
Bxe4 Bg7 22. Rf3 Rcd8 23. Rdf2 Rd7 24. f5 Rfd8 25. Rf1 Qe5 26. Bd5 e6 27. fxe6
fxe6 28. Be4 Rd2 29. Bxg6 Rxc2 30. Bxc2 Rd2 31. Bb1 Qb2 32. Rg3 Qxb3 33. Rh3 h6
34. Bg6 Rd1 35. Rhf3 Rxf1+ 36. Rxf1 Qxe3+ 37. Kh1 Qe2 38. Rb1 Qxc4 39. Rd1 Bd4
0-1

[Event "Charlesbourg CC-ch"]
[Site "Charlesbourg CAN"]
[Date "2014.05.19"]
[Round "4"]
[White "Beaudoin, Stephane"]
[Black "Laflamme, Simon"]
[Result "1/2-1/2"]
[WhiteElo "2156"]
[BlackElo "1955"]
[PlyCount "59"]
[EventDate "2014.04.14"]
[EventType "tourn"]
[EventRounds "5"]
[EventCountry "CAN"]

1. e4 c6 2. d4 d5 3. Nc3 dxe4 4. Nxe4 Bf5 5. Ng3 Bg6 6. N1e2 Nf6 7. Nf4 Nbd7 8.
h4 e6 9. Be2 Bd6 10. Be3 Qc7 11. Qc1 Bxc2 12. Ngh5 Nxh5 13. Nxh5 Be4 14. O-O
O-O-O 15. a4 g6 16. Nf4 e5 17. dxe5 Nxe5 18. a5 Kb8 19. Nh3 Bd3 20. Bxd3 Nxd3
21. Qc4 Ne5 22. Qa4 Qe7 23. Rfc1 Nd3 24. Rc2 Qe5 25. g3 Nb4 26. Bf4 Qb5 27.
Qxb5 cxb5 28. Bxd6+ Rxd6 29. Rc5 a6 30. Ng5 1/2-1/2

[Event "Charlesbourg CC-ch"]
[Site "Charlesbourg CAN"]
[Date "2014.05.19"]
[Round "4"]
[White "Glode, Martin"]
[Black "Tremblay, Rejean"]
[Result "0-1"]
[WhiteElo "1888"]
[BlackElo "2198"]
[PlyCount "24"]
[EventDate "2014.04.14"]
[EventType "tourn"]
[EventRounds "5"]
[EventCountry "CAN"]

1. e4 e6 2. d4 d5 3. exd5 exd5 4. Qf3 Nf6 5. h3 Nc6 6. c3 Ne7 7. Bd3 Ng6 8. Ne2
Be7 9. Nf4 O-O 10. Nxg6 fxg6 11. Be3 Ng4 12. Qe2 Nxe3 0-1

[Event "Charlesbourg CC-ch"]
[Site "Charlesbourg CAN"]
[Date "2014.05.19"]
[Round "4"]
[White "Lessard, Claude"]
[Black "Tremblay-Alix, Eric"]
[Result "1/2-1/2"]
[WhiteElo "2014"]
[BlackElo "1934"]
[PlyCount "50"]
[EventDate "2014.04.14"]
[EventType "tourn"]
[EventRounds "5"]
[EventCountry "CAN"]

1. d4 e6 2. c4 c5 3. d5 exd5 4. cxd5 Nf6 5. Nc3 d6 6. e4 Nbd7 7. f4 g6 8. Qa4
Bg7 9. e5 Qe7 10. Be2 dxe5 11. fxe5 Qxe5 12. Nf3 Qe7 13. O-O O-O 14. Qh4 Nxd5
15. Nxd5 Qxe2 16. Bf4 Qc4 17. Ne7+ Kh8 18. Ng5 h5 19. Rad1 Ne5 20. b3 Qe2 21.
Bxe5 Qg4 22. Rxf7 Qxd1+ 23. Kf2 Rxf7+ 24. Nxf7+ Kh7 25. Ng5+ Kh8 1/2-1/2

[Event "Charlesbourg CC-ch"]
[Site "Charlesbourg CAN"]
[Date "2014.05.26"]
[Round "5"]
[White "Tremblay, Rejean"]
[Black "Beaudoin, Stephane"]
[Result "1/2-1/2"]
[WhiteElo "2198"]
[BlackElo "2151"]
[PlyCount "99"]
[EventDate "2014.04.14"]
[EventType "tourn"]
[EventRounds "5"]
[EventCountry "CAN"]

1. d4 Nf6 2. Nf3 g6 3. c4 Bg7 4. Nc3 O-O 5. e4 d6 6. Be2 c5 7. d5 e6 8. O-O
exd5 9. exd5 Na6 10. h3 Nc7 11. Bf4 a6 12. a4 b6 13. Rb1 Re8 14. b4 cxb4 15.
Rxb4 Ne4 16. Nxe4 Rxe4 17. Bg5 f6 18. Bd3 Re8 19. Be3 Rxe3 20. fxe3 Bh6 21. Re1
a5 22. Rxb6 Na6 23. Rb2 Bd7 24. Nd4 Qc8 25. Kh1 Qc5 26. Ne6 Bxe6 27. dxe6 Qe5
28. Qf3 Re8 29. Qc6 Rxe6 30. Rb5 Nc5 31. Rb8+ Kf7 32. Reb1 f5 33. Bc2 Qxe3 34.
Qc8 Qf2 35. Qg8+ Kf6 36. Qd8+ Ke5 37. R8b2 Kf4 38. Be4 Qg3 39. Bf3 Bg5 40. Qxa5
Re3 41. Rf1 Ke5 42. Re2 Ke6 43. Rxe3+ Bxe3 44. Bd5+ Ke7 45. Qc7+ Kf6 46. Qxh7
Nd3 47. Qf7+ Kg5 48. Qe7+ Kh6 49. Qf8+ Kg5 50. Qd8+ 1/2-1/2

[Event "Charlesbourg CC-ch"]
[Site "Charlesbourg CAN"]
[Date "2014.05.26"]
[Round "5"]
[White "Tremblay-Alix, Eric"]
[Black "Glode, Martin"]
[Result "1-0"]
[WhiteElo "1934"]
[BlackElo "1888"]
[PlyCount "47"]
[EventDate "2014.04.14"]
[EventType "tourn"]
[EventRounds "5"]
[EventCountry "CAN"]

1. c4 e6 2. Nc3 d5 3. cxd5 exd5 4. Nf3 Nf6 5. g3 Be7 6. Bg2 O-O 7. O-O c6 8. d4
Bf5 9. Nh4 Be6 10. Qc2 Qd7 11. e4 Nxe4 12. Nxe4 dxe4 13. Bxe4 f5 14. Bd3 Bxh4
15. Re1 Kh8 16. gxh4 g6 17. Bf4 Bd5 18. Re3 Qd8 19. Bg5 Qb6 20. Qc3 Na6 21.
Rae1 Nb4 22. Bc4 Bxc4 23. d5+ Kg8 24. Bh6 1-0

[Event "Choc des Generations"]
[Site "Montreal CAN"]
[Date "2014.06.27"]
[Round "1"]
[White "Masse, Hugues"]
[Black "Nikulich, Oleksandr"]
[Result "1-0"]
[WhiteElo "2266"]
[BlackElo "2049"]
[PlyCount "55"]
[EventDate "2014.06.27"]
[EventType "schev"]
[EventRounds "5"]
[EventCountry "CAN"]

1. d4 f5 2. g3 Nf6 3. Bg2 g6 4. Nf3 Bg7 5. O-O O-O 6. b3 d6 7. Bb2 Qe8 8. c4
Ne4 9. Nbd2 Nxd2 10. Qxd2 Nc6 11. d5 Nd8 12. Bxg7 Kxg7 13. e4 e5 14. dxe6 Qxe6
15. Nd4 Qf6 16. exf5 Bxf5 17. Rae1 Bd7 18. Nb5 Bxb5 19. cxb5 Rb8 20. Qa5 Qd4
21. Qxc7+ Nf7 22. Re7 Qf6 23. Bd5 Rbe8 24. Rfe1 Rxe7 25. Rxe7 a6 26. b6 h5 27.
Qxb7 h4 28. Rxf7+ 1-0

[Event "Choc des Generations"]
[Site "Montreal CAN"]
[Date "2014.06.27"]
[Round "1"]
[White "Yu, Zong Yang"]
[Black "Luksza, Arkadiusz"]
[Result "1-0"]
[WhiteElo "2225"]
[BlackElo "2173"]
[PlyCount "87"]
[EventDate "2014.06.27"]
[EventType "schev"]
[EventRounds "5"]
[EventCountry "CAN"]

1. d4 e6 2. c4 f5 3. Nc3 Nf6 4. f3 d5 5. Bg5 Be7 6. e3 c6 7. Bd3 dxc4 8. Bxc4
Nd5 9. Bxe7 Qxe7 10. Qd2 O-O 11. Nh3 Qh4+ 12. Nf2 Nd7 13. O-O N7b6 14. Bb3 Qh6
15. Rae1 Bd7 16. Kh1 Rad8 17. Nd3 Bc8 18. Qe2 Kh8 19. a4 a5 20. g3 Nd7 21. e4
Nb4 22. Nf4 Nf6 23. Rd1 Nh5 24. Nxh5 Qxh5 25. e5 b6 26. Bc4 Qh6 27. Na2 Nd5 28.
Bxd5 Rxd5 29. Nc3 Rd7 30. Qc4 Bb7 31. Kg2 Rfd8 32. Qb3 g5 33. Qxb6 g4 34. Qc5
Qh3+ 35. Kg1 Rg7 36. fxg4 Rxg4 37. Rf3 Rg7 38. Rdf1 h5 39. Ne2 Qg4 40. Nf4 Re8
41. Ng2 Ba6 42. Qxc6 Qxd4+ 43. Kh1 Ra8 44. Qxa8+ 1-0

[Event "Choc des Generations"]
[Site "Montreal CAN"]
[Date "2014.06.28"]
[Round "2"]
[White "Nikulich, Oleksandr"]
[Black "Luksza, Arkadiusz"]
[Result "0-1"]
[WhiteElo "2049"]
[BlackElo "2173"]
[PlyCount "66"]
[EventDate "2014.06.27"]
[EventType "schev"]
[EventRounds "5"]
[EventCountry "CAN"]

1. d4 e6 2. Nf3 f5 3. c4 Nf6 4. e3 c6 5. Bd3 d5 6. Nbd2 Bd6 7. O-O O-O 8. b3
Ne4 9. Bb2 Nd7 10. Qe2 Qf6 11. Rfd1 g5 12. Nf1 Rf7 13. Ne1 Qh6 14. f3 Nef6 15.
e4 fxe4 16. fxe4 Nxe4 17. Bxe4 dxe4 18. Qxe4 Nf6 19. Qe2 Nh5 20. Nd3 Nf4 21.
Nxf4 Rxf4 22. Rd3 Bd7 23. g3 Rf7 24. Ne3 Raf8 25. Ng4 Qh3 26. Re3 e5 27. Nxe5
Rf2 28. Qxf2 Rxf2 29. Kxf2 Qxh2+ 30. Ke1 Qxb2 31. Rd1 Bb4+ 32. Kf1 Bh3+ 33. Kg1
Qg2# 0-1